[Event "Asia-ch U20 Girls"]
[Site "Waskaduwa"]
[Date "2025.07.03"]
[Round "9"]
[White "Sreekarthika, Velmurugan"]
[Black "Mikheeva, Galina"]
[Result "0-1"]
[WhiteElo "1956"]
[BlackElo "2190"]
[PlyCount "102"]
[EventDate "2025.06.27"]
[EventType "swiss"]
[EventRounds "9"]
[EventCountry "SRI"]
[SourceTitle "CB28_2025"]
[SourceDate "2025.07.09"]
[SourceVersion "1"]
[SourceVersionDate "2025.07.09"]
[SourceQuality "1"]

1. e4 e5 2. Bc4 Nc6 3. Nf3 d6 4. a4 Bg4 5. d3 Nf6 6. c3 Qd7 7. b4 Be7 8. Bg5 0-0 9. 0-0 h6 10. Bxf6 Bxf6 11. Nbd2 Ne7 12. h3 Bh5 13. Re1 c6 14. Nf1 d5 15. Bb3 Rfe8 16. Ng3 Bg6 17. a5 a6 18. Qe2 Rad8 19. Rad1 h5 20. Qc2 h4 21. Nf1 Bh5 22. N1h2 Qc8 23. Qa2 Ng6 24. exd5 cxd5 25. Bxd5 Nf4 26. Be4 Qxc3 27. Qc4 Qxc4 28. dxc4 Rxd1 29. Rxd1 Ne2+ 30. Kf1 Nc3 31. Re1 Nxe4 32. Rxe4 Bg6 33. Re3 Rc8 34. c5 e4 35. Ne1 Bd4 36. Rb3 f5 37. Nc2 Be5 38. Kg1 Rd8 39. Nf1 f4 40. b5 e3 41. Ncxe3 fxe3 42. Rxe3 Bd4 43. Re6 Bf5 44. Rb6 Bd3 45. Rxb7 Bxb5 46. Ne3 Bxe3 47. fxe3 Rc8 48. Re7 Rxc5 49. Re4 g5 50. g3 Bc6 51. Rg4 Bf3 0-1

[Event "Western Asia-ch U20 Girls"]
[Site "Waskaduwa"]
[Date "2025.06.10"]
[Round "9"]
[White "Keerti, Shree Reddy"]
[Black "Mikheeva, Galina"]
[Result "0-1"]
[WhiteElo "2008"]
[BlackElo "2190"]
[PlyCount "90"]
[EventDate "2025.06.05"]
[EventType "swiss"]
[EventRounds "9"]
[EventCountry "SRI"]
[SourceTitle "CB27_2025"]
[SourceDate "2025.07.02"]
[SourceVersion "1"]
[SourceVersionDate "2025.07.02"]
[SourceQuality "1"]

1. d4 d5 2. Nf3 Nf6 3. Bf4 e6 4. e3 Bd6 5. Ne5 c6 6. Nd2 Qc7 7. Bd3 Nbd7 8. Ndf3 h6 9. c3 c5 10. Qe2 c4 11. Bc2 b5 12. e4 Nxe4 13. Bxe4 dxe4 14. Qxe4 Bb7 15. Qe2 Nb6 16. 0-0 0-0-0 17. Bg3 g5 18. Nd2 h5 19. Nef3 Nd5 20. Ne4 Nf4 21. Nxd6+ Qxd6 22. Bxf4 gxf4 23. Rfd1 Rhg8 24. Ne1 f3 25. Qe3 fxg2 26. Nc2 Rg4 27. h3 Re4 28. Qg5 Qd5 29. Qe7 Re2 30. Re1 Rxc2 31. Re5 Qf3 32. Rc5+ Bc6 33. Qh4 Kb7 34. a4 Rd2 35. Re5 Rd1+ 36. Re1 Rxe1+ 37. Rxe1 Rd7 38. axb5 Bxb5 39. Qg5 Bc6 40. Qh4 f6 41. Ra1 e5 42. Rb1 Qe4 43. Qxe4 Bxe4 44. Re1 Bf3 45. Re3 e4 0-1

[Event "Western Asia-ch U20 Girls"]
[Site "Waskaduwa"]
[Date "2025.06.07"]
[Round "4"]
[White "Mikheeva, Galina"]
[Black "Saparya, Ghosh"]
[Result "1-0"]
[WhiteElo "2190"]
[BlackElo "1913"]
[PlyCount "149"]
[EventDate "2025.06.05"]
[EventType "swiss"]
[EventRounds "9"]
[EventCountry "SRI"]
[SourceTitle "CB27_2025"]
[SourceDate "2025.07.02"]
[SourceVersion "1"]
[SourceVersionDate "2025.07.02"]
[SourceQuality "1"]

1. e4 c6 2. d4 d5 3. Bd3 dxe4 4. Bxe4 Nf6 5. Bf3 g6 6. Ne2 Bg7 7. 0-0 h5 8. c3 Bg4 9. Nf4 Nbd7 10. Nd3 Qa5 11. Re1 Qf5 12. Qe2 0-0-0 13. Nd2 g5 14. Nc4 Nd5 15. Be4 Qf6 16. f3 Be6 17. Nce5 Nxe5 18. Nxe5 Bf5 19. Bxf5+ Qxf5 20. Qe4 Qe6 21. Bxg5 Bxe5 22. Qxe5 Qxe5 23. dxe5 Rhg8 24. h4 f6 25. exf6 exf6 26. Bd2 Ne7 27. Re2 Rd3 28. Be3 Nf5 29. Bxa7 Rxf3 30. Bf2 Rf4 31. Rf1 Rfg4 32. Be1 Nxh4 33. Bxh4 Rxh4 34. Rxf6 Rhg4 35. Rf3 Kc7 36. Rf7+ Kb8 37. Kf1 R8g7 38. Rxg7 Rxg7 39. Re5 h4 40. Re4 Rh7 41. Re3 Rf7+ 42. Ke2 Rf4 43. Rd3 Rg4 44. Kf2 Rf4+ 45. Rf3 Ra4 46. a3 Ka7 47. Rh3 Rf4+ 48. Ke3 Rc4 49. Kf3 Kb6 50. Rh1 Kb5 51. Rb1 Rc5 52. Kg4 Rc4+ 53. Kg5 Re4 54. b3 Re2 55. Rg1 Re4 56. Kh5 Kc5 57. Rf1 Kb6 58. Rf5 Re2 59. Rg5 Re3 60. Kxh4 Rxc3 61. Rg3 Rc1 62. Rf3 Ra1 63. b4 Kb5 64. g4 c5 65. bxc5 Kxc5 66. Kg5 b5 67. Kf6 Kc4 68. g5 Rg1 69. g6 Kd4 70. Kf7 Rc1 71. g7 Rc7+ 72. Kg6 Rc6+ 73. Kh7 Rc7 74. Kh8 Ke4 75. Rb3 1-0

[Event "Western Asia-ch U20 Girls"]
[Site "Waskaduwa"]
[Date "2025.06.06"]
[Round "3"]
[White "Agamyradova, Mahri"]
[Black "Mikheeva, Galina"]
[Result "0-1"]
[WhiteElo "1905"]
[BlackElo "2190"]
[PlyCount "104"]
[EventDate "2025.06.05"]
[EventType "swiss"]
[EventRounds "9"]
[EventCountry "SRI"]
[SourceTitle "CB27_2025"]
[SourceDate "2025.07.02"]
[SourceVersion "1"]
[SourceVersionDate "2025.07.02"]
[SourceQuality "1"]

1. d4 d5 2. Nf3 Nf6 3. Bf4 e6 4. e3 Bd6 5. Bg3 c5 6. c3 Nc6 7. Bd3 0-0 8. Nbd2 b6 9. Qe2 Bb7 10. Rd1 c4 11. Bb1 b5 12. e4 Be7 13. 0-0 Nh5 14. Ne1 g6 15. f4 a5 16. a3 Qd6 17. Qf3 Qc7 18. e5 b4 19. axb4 axb4 20. Bf2 f6 21. g4 Ng7 22. exf6 Bxf6 23. Qe3 Be7 24. Bg3 Bd6 25. Ng2 bxc3 26. bxc3 Ra3 27. Nf3 Na7 28. Kh1 Nb5 29. Rc1 Qc8 30. Be1 Qc7 31. Bd2 Be7 32. Ng5 Bxg5 33. fxg5 Re8 34. Qf2 e5 35. dxe5 d4 36. cxd4 Rf3 37. Qe1 Nxd4 38. Bf4 Qc6 39. Rxf3 Qxf3 40. Qg3 Qd5 41. Ba2 Rc8 42. Re1 Nge6 43. Be3 Nc2 44. Rg1 Rf8 45. Bc1 Rf3 46. Qh4 Rf1 47. Qg3 Rxg1+ 48. Kxg1 Qd1+ 49. Kf2 Qxc1 50. Bxc4 Qd2+ 51. Be2 Ncd4 52. Qd3 Qxe2+ 0-1

[Event "Asia-ch (Women)"]
[Site "Al Ain"]
[Date "2025.05.14"]
[Round "8"]
[White "Rakshitta, Ravi"]
[Black "Mikheeva, Galina"]
[Result "1-0"]
[WhiteElo "2324"]
[BlackElo "2162"]
[PlyCount "113"]
[EventDate "2025.05.07"]
[EventType "swiss"]
[EventRounds "9"]
[EventCountry "UAE"]
[SourceTitle "CB21_2025"]
[SourceDate "2025.05.21"]
[SourceVersion "1"]
[SourceVersionDate "2025.05.21"]
[SourceQuality "1"]

1. e4 e5 2. Nf3 Nc6 3. d4 exd4 4. Nxd4 Nf6 5. Nxc6 bxc6 6. Nd2 d5 7. exd5 cxd5 8. Bb5+ Bd7 9. Bxd7+ Qxd7 10. 0-0 Be7 11. b3 0-0 12. Bb2 Qf5 13. Re1 Bc5 14. Qf3 Qxc2 15. Bxf6 Qxd2 16. Bc3 Qh6 17. Qxd5 Qb6 18. Qf5 Rad8 19. Rac1 Rfe8 20. g3 Rxe1+ 21. Rxe1 h6 22. Qf3 Bf8 23. Re4 Qc6 24. Kg2 Rd1 25. Re1 Rd6 26. Re2 f5 27. Be5 Qxf3+ 28. Kxf3 Rc6 29. Rd2 Rc5 30. Bf4 g5 31. Be3 Ra5 32. Rd8 a6 33. a4 Kf7 34. Rd7+ Ke6 35. Rxc7 Rd5 36. Rc8 Kf7 37. Rb8 a5 38. Rb5 Rxb5 39. axb5 Ke6 40. Bd2 Kd5 41. Bxa5 Kc5 42. b6 Bd6 43. b7 Kc6 44. Bb4 Bb8 45. Bf8 h5 46. Bh6 g4+ 47. Ke2 Kxb7 48. Bf4 Ba7 49. Be3 Bb8 50. Kd3 Kc6 51. Kc4 h4 52. b4 hxg3 53. hxg3 Kd7 54. Kd5 Bd6 55. b5 Bc7 56. b6 Bd8 57. b7 1-0

[Event "Asia-ch (Women)"]
[Site "Al Ain"]
[Date "2025.05.13"]
[Round "7"]
[White "Mikheeva, Galina"]
[Black "Padmini, Rout"]
[Result "1/2-1/2"]
[WhiteElo "2162"]
[BlackElo "2359"]
[PlyCount "87"]
[EventDate "2025.05.07"]
[EventType "swiss"]
[EventRounds "9"]
[EventCountry "UAE"]
[SourceTitle "CB21_2025"]
[SourceDate "2025.05.21"]
[SourceVersion "1"]
[SourceVersionDate "2025.05.21"]
[SourceQuality "1"]

1. e4 c5 2. Nc3 d6 3. d4 cxd4 4. Qxd4 Nc6 5. Qd2 g6 6. b3 Bh6 7. f4 Nf6 8. Bb2 0-0 9. 0-0-0 Bg4 10. Be2 e5 11. g3 Nd4 12. Bxg4 Nxg4 13. Rf1 Nf6 14. Nge2 Ne6 15. Rd1 Re8 16. Kb1 Nc5 17. Qxd6 Qxd6 18. Rxd6 Nfxe4 19. Nxe4 Nxe4 20. Rd7 Nc5 21. Rc7 Ne6 22. Rxb7 exf4 23. Nxf4 Nxf4 24. gxf4 Bxf4 25. Rf1 Re4 26. a4 a5 27. h3 g5 28. Bc1 Kg7 29. h4 h6 30. hxg5 hxg5 31. Bb2+ Kg6 32. Rb6+ Re6 33. Rb5 Re2 34. Rh1 Rc8 35. c4 Rd8 36. Rxa5 Rdd2 37. Ba1 f6 38. Ra6 Be5 39. Bxe5 Rxe5 40. Rf1 Ree2 41. Raxf6+ Kh5 42. Rh1+ Kg4 43. Rg1+ Kh5 44. Rh1+ 1/2-1/2

[Event "Wch U20 Girls 41st"]
[Site "Petrovac"]
[Date "2025.03.01"]
[Round "5"]
[White "Guo, Hanxi"]
[Black "Mikheeva, Galina"]
[Result "0-1"]
[WhiteElo "1854"]
[BlackElo "2238"]
[PlyCount "96"]
[EventDate "2025.02.25"]
[EventType "swiss"]
[EventRounds "11"]
[EventCountry "MNE"]
[SourceTitle "CB11_2025"]
[SourceDate "2025.03.12"]
[SourceVersion "1"]
[SourceVersionDate "2025.03.12"]
[SourceQuality "1"]

1. e4 e5 2. Nf3 Nc6 3. Bc4 Bc5 4. c3 Nf6 5. d3 a6 6. a4 d6 7. 0-0 Ba7 8. Re1 h6 9. h3 g5 10. Nh2 g4 11. hxg4 Rg8 12. g5 hxg5 13. g4 Qd7 14. Kg2 Nxg4 15. Nxg4 Qxg4+ 16. Qxg4 Bxg4 17. Rh1 Nd8 18. Nd2 Ne6 19. Bxe6 Bxe6 20. Nf3 f6 21. Rh6 Kf7 22. Bd2 Bd7 23. a5 Rh8 24. Rah1 Rxh6 25. Rxh6 Kg7 26. Rh1 c6 27. d4 Re8 28. dxe5 dxe5 29. Re1 Be6 30. Be3 Bxe3 31. Rxe3 Rd8 32. Re2 g4 33. Nh2 Kg6 34. f3 gxf3+ 35. Nxf3 Rd3 36. Rd2 Re3 37. Rd6 Kf7 38. Kf2 Rxe4 39. Rd8 c5 40. Nd2 Rf4+ 41. Ke3 Ke7 42. Rh8 Bd5 43. Rc8 c4 44. Rc5 Kd6 45. Rc8 Bc6 46. Rg8 Kc5 47. Rg1 Kb5 48. Ra1 f5 0-1

[Event "Wch U20 Girls 41st"]
[Site "Petrovac"]
[Date "2025.02.25"]
[Round "1"]
[White "Braeutigam, Katerina"]
[Black "Mikheeva, Galina"]
[Result "0-1"]
[WhiteElo "1981"]
[BlackElo "2238"]
[PlyCount "98"]
[EventDate "2025.02.25"]
[EventType "swiss"]
[EventRounds "11"]
[EventCountry "MNE"]
[SourceTitle "CB11_2025"]
[SourceDate "2025.03.12"]
[SourceVersion "1"]
[SourceVersionDate "2025.03.12"]
[SourceQuality "1"]

1. d4 d5 2. Bf4 Nf6 3. e3 e6 4. Nf3 Bd6 5. Bd3 c5 6. dxc5 Bxc5 7. 0-0 0-0 8. c4 b6 9. Nc3 Bb7 10. a3 h6 11. cxd5 Nxd5 12. Nxd5 Qxd5 13. e4 Qd8 14. b4 Be7 15. Qe2 Nc6 16. Qe3 a5 17. e5 axb4 18. Bxh6 Ba6 19. Rfd1 Bxd3 20. Rxd3 Qc7 21. Bg5 Bc5 22. Qe4 Rxa3 23. Rdxa3 bxa3 24. Bf6 Ne7 25. Qg4 Ng6 26. h4 gxf6 27. h5 fxe5 28. hxg6 f5 29. Qh5 Qg7 30. Ra2 e4 31. Ne5 Qh8 32. Qxh8+ Kxh8 33. Nd7 Ra8 34. Nxc5 bxc5 35. Kf1 Kg7 36. Ke2 Kxg6 37. Kd2 Kf6 38. Kc3 Rg8 39. g3 e3 40. fxe3 Rxg3 41. Kc4 Rxe3 42. Kxc5 f4 43. Rf2 Kf5 44. Kd4 e5+ 45. Kd5 f3 46. Ra2 Kf4 47. Ke6 Kg3 48. Kf5 f2 49. Ra1 Kg2 0-1

[Event "Senta Fantastico GM Mix 02"]
[Site "Senta"]
[Date "2025.02.15"]
[Round "8"]
[White "Mikheeva, Galina"]
[Black "Jocev, Milan"]
[Result "1/2-1/2"]
[WhiteElo "2238"]
[BlackElo "2292"]
[PlyCount "32"]
[EventDate "2025.02.11"]
[EventType "swiss"]
[EventRounds "9"]
[EventCountry "SRB"]
[SourceTitle "CB09_2025"]
[SourceDate "2025.02.27"]
[SourceVersion "1"]
[SourceVersionDate "2025.02.27"]
[SourceQuality "1"]

1. e4 e5 2. Nf3 Nc6 3. Bc4 Nf6 4. Nc3 Nxe4 5. Nxe4 d5 6. Bd3 dxe4 7. Bxe4 Bd6 8. 0-0 0-0 9. Bxc6 bxc6 10. d4 exd4 11. Qxd4 h6 12. Bf4 Bf5 13. Bxd6 cxd6 14. c4 Qb6 15. Qxd6 Qxb2 16. Qxc6 Rfc8 1/2-1/2

[Event "Senta Fantastico GM Mix 02"]
[Site "Senta"]
[Date "2025.02.13"]
[Round "4"]
[White "Akhmedov, David"]
[Black "Mikheeva, Galina"]
[Result "1-0"]
[WhiteElo "2368"]
[BlackElo "2238"]
[PlyCount "87"]
[EventDate "2025.02.11"]
[EventType "swiss"]
[EventRounds "9"]
[EventCountry "SRB"]
[SourceTitle "CB09_2025"]
[SourceDate "2025.02.27"]
[SourceVersion "1"]
[SourceVersionDate "2025.02.27"]
[SourceQuality "1"]

1. d4 d5 2. c4 e6 3. Nf3 Nf6 4. g3 dxc4 5. Bg2 Bb4+ 6. Bd2 a5 7. Qc2 Bxd2+ 8. Qxd2 c6 9. a4 Ne4 10. Qc2 Nd6 11. Nbd2 b5 12. 0-0 Bb7 13. b3 cxb3 14. Nxb3 b4 15. Nc5 0-0 16. Ne5 Qe7 17. e3 f6 18. Ned3 Kh8 19. Rfd1 Nd7 20. Qb3 Nxc5 21. Nxc5 Rfe8 22. Rac1 Rac8 23. e4 Ba8 24. e5 Nf5 25. Bh3 g6 26. Bxf5 exf5 27. Re1 Rcd8 28. Qc4 b3 29. Qxb3 fxe5 30. Rxe5 Qd6 31. Qc3 Kg8 32. Qc4+ Kh8 33. Rce1 Rxe5 34. Rxe5 Rb8 35. Qf7 Qf8 36. Qxf8+ Rxf8 37. Re7 Rd8 38. Ra7 Rb8 39. h4 h6 40. Kg2 Kg8 41. Kf3 g5 42. hxg5 hxg5 43. g4 fxg4+ 44. Kxg4 1-0

[Event "Senta Fantastico op 03"]
[Site "Senta"]
[Date "2025.02.07"]
[Round "5.14"]
[White "Shafigullina, Zarina"]
[Black "Mikheeva, Galina"]
[Result "1-0"]
[WhiteElo "2125"]
[BlackElo "2238"]
[PlyCount "99"]
[EventDate "2025.02.05"]
[EventType "swiss"]
[EventRounds "9"]
[EventCountry "SRB"]
[SourceTitle "CB08_2025"]
[SourceDate "2025.02.19"]
[SourceVersion "1"]
[SourceVersionDate "2025.02.19"]
[SourceQuality "1"]

1. d4 d5 2. c4 e6 3. Nc3 Be7 4. cxd5 exd5 5. Bf4 c6 6. e3 Bf5 7. f3 Nf6 8. g4 Be6 9. Bd3 c5 10. Nb5 Na6 11. Ne2 c4 12. Bc2 Qb6 13. Nec3 0-0 14. h4 Nb4 15. Bb1 a6 16. Nc7 Rac8 17. a3 Nd3+ 18. Bxd3 Qxb2 19. Na4 Qg2 20. Rh2 Qg1+ 21. Bf1 Bd8 22. Nxe6 fxe6 23. Qe2 b5 24. Nc5 e5 25. Rg2 Qh1 26. Bxe5 Ne4 27. Nxe4 dxe4 28. f4 c3 29. Rh2 Qg1 30. Qf2 Qxf2+ 31. Kxf2 Be7 32. Kg3 c2 33. Rc1 Rc3 34. Rhxc2 Rxe3+ 35. Kg2 Bxh4 36. Rc3 Rxc3 37. Rxc3 Rd8 38. g5 Rd7 39. Be2 Be1 40. Rc6 b4 41. axb4 Bxb4 42. Bxa6 Ra7 43. Bc4+ Kf8 44. Rb6 Bc3 45. Rb8+ Ke7 46. Bxg7 Ra4 47. Bf6+ Kd6 48. Be5+ Ke7 49. Rb7+ Kd8 50. Be6 1-0

[Event "Wch U20 Girls Rapid"]
[Site "Tashkent"]
[Date "2024.08.04"]
[Round "7"]
[White "Mikheeva, Galina"]
[Black "Nurgali, Nazerke"]
[Result "0-1"]
[WhiteElo "2120"]
[BlackElo "2215"]
[PlyCount "70"]
[EventDate "2024.08.02"]
[EventType "swiss (rapid)"]
[EventRounds "9"]
[EventCountry "UZB"]
[SourceTitle "CBM 221 Extra"]
[Source "ChessBase"]
[SourceDate "2024.09.30"]
[SourceVersion "1"]
[SourceVersionDate "2024.09.30"]
[SourceQuality "1"]

1. e4 c6 2. c4 d5 3. cxd5 cxd5 4. exd5 Nf6 5. Qa4+ Nbd7 6. Nc3 g6 7. Bc4 Bg7 8. d3 0-0 9. Nf3 a6 10. Qa3 b6 11. 0-0 Bb7 12. Re1 Re8 13. Ng5 b5 14. Bb3 h6 15. Nge4 Ne5 16. Nc5 Qb6 17. Qb4 Nfg4 18. d4 Nxf2 19. Kxf2 Ng4+ 20. Kg1 a5 21. N3a4 Qd6 22. Qxb5 Qxh2+ 23. Kf1 Qh1+ 24. Ke2 Qxg2+ 25. Kd1 Bxd4 26. Bd2 Bxd5 27. Bxd5 Qxd5 28. Qb7 Nf2+ 29. Ke2 Qc4+ 30. Kf3 Bxc5 31. Nxc5 Qxc5 32. Be3 Qf5+ 33. Ke2 Rab8 34. Qc6 Rec8 35. Qa4 Rxb2+ 0-1

[Event "Wch U20 Girls Rapid"]
[Site "Tashkent"]
[Date "2024.08.03"]
[Round "4"]
[White "Mikheeva, Galina"]
[Black "Tarasenka, Aliaksandra"]
[Result "0-1"]
[WhiteElo "2120"]
[BlackElo "2047"]
[PlyCount "110"]
[EventDate "2024.08.02"]
[EventType "swiss (rapid)"]
[EventRounds "9"]
[EventCountry "UZB"]
[SourceTitle "CBM 221 Extra"]
[Source "ChessBase"]
[SourceDate "2024.09.30"]
[SourceVersion "1"]
[SourceVersionDate "2024.09.30"]
[SourceQuality "1"]

1. e4 c5 2. Nf3 e6 3. c3 d5 4. exd5 Qxd5 5. Na3 Nc6 6. d4 Nf6 7. Nb5 Qd8 8. dxc5 Bxc5 9. Qxd8+ Kxd8 10. Bg5 Ke7 11. Rd1 h6 12. Bh4 g5 13. Bg3 Ne4 14. Bd3 Nxg3 15. hxg3 g4 16. Nfd4 Ne5 17. Nb3 Bb6 18. a4 Bd7 19. Be2 a6 20. a5 Bxb5 21. axb6 Ba4 22. Nc5 Bxd1 23. Kxd1 Nd7 24. Nxb7 Nxb6 25. Nc5 f5 26. Kc2 a5 27. f3 h5 28. Bd3 Rhc8 29. Nb3 a4 30. Nd4 a3 31. Re1 a2 32. Nb3 Kf6 33. Ra1 Nd5 34. Kd2 Rcb8 35. Bc2 Nb6 36. Kd3 Na4 37. Kd2 Nxb2 38. Kc1 Nc4 39. Nc5 Rd8 40. Bb3 Ne3 41. Nxe6 Rdb8 42. Nd4 Nxg2 43. fxg4 fxg4 44. Bd5 Ra3 45. Bxg2 Rxc3+ 46. Kd2 Rxg3 47. Rf1+ Kg5 48. Ne6+ Kh4 49. Rh1+ Rh3 50. Bxh3 Rb1 51. Bf1+ Kg3 52. Ng7 a1Q 53. Nxh5+ Kf3 54. Be2+ Kg2 55. Nf4+ Kxh1 0-1

[Event "Wch U20 Girls Rapid"]
[Site "Tashkent"]
[Date "2024.08.02"]
[Round "3"]
[White "Mikheeva, Galina"]
[Black "Galvan Cipriani, Viviana"]
[Result "1-0"]
[WhiteElo "2120"]
[BlackElo "2135"]
[PlyCount "141"]
[EventDate "2024.08.02"]
[EventType "swiss (rapid)"]
[EventRounds "9"]
[EventCountry "UZB"]
[SourceTitle "CBM 221 Extra"]
[Source "ChessBase"]
[SourceDate "2024.09.30"]
[SourceVersion "1"]
[SourceVersionDate "2024.09.30"]
[SourceQuality "1"]

1. e4 c5 2. Nf3 Nc6 3. Bb5 g6 4. 0-0 Bg7 5. Re1 Qb6 6. a4 a6 7. Bxc6 Qxc6 8. c3 Nf6 9. Qe2 0-0 10. d4 d6 11. Nbd2 cxd4 12. cxd4 b6 13. d5 Qc7 14. Nb3 e6 15. dxe6 Bxe6 16. Nbd4 Rfe8 17. Nxe6 Rxe6 18. Qd3 h6 19. Nd4 Re7 20. Bf4 Nh5 21. Be3 Qb7 22. Nf3 Rxe4 23. Qxd6 Re6 24. Qb4 Rae8 25. Rad1 Bf8 26. Qb3 b5 27. axb5 axb5 28. Rd5 b4 29. Red1 Nf6 30. R5d3 Ng4 31. Rd7 Qc8 32. h3 Nxe3 33. fxe3 Bc5 34. Kh1 R6e7 35. Rxe7 Bxe7 36. Rf1 Rf8 37. Ne5 Qe6 38. Qxe6 fxe6 39. Rxf8+ Bxf8 40. Nxg6 Bd6 41. b3 Kg7 42. Nf4 Kf6 43. Kg1 Bxf4 44. exf4 Kf5 45. g3 Ke4 46. Kf2 h5 47. Ke2 h4 48. gxh4 Kxf4 49. h5 Kg5 50. Ke3 Kxh5 51. Ke4 Kg6 52. Ke5 Kf7 53. h4 Ke7 54. Kd4 Kf6 55. Ke4 Kf7 56. Ke5 Ke7 57. h5 Kf7 58. Kd4 Kf6 59. Ke4 Kf7 60. Ke5 Ke7 61. h6 Kf7 62. h7 Kg7 63. Kxe6 Kxh7 64. Kd5 Kg6 65. Kc4 Kf7 66. Kxb4 Ke7 67. Ka5 Kd7 68. Ka6 Kc7 69. b4 Kc8 70. Ka7 Kc7 71. b5 1-0

[Event "Asia-ch Blitz U18 Girls"]
[Site "Almaty"]
[Date "2024.06.20"]
[Round "7"]
[White "Edithso, Samantha"]
[Black "Mikheeva, Galina"]
[Result "0-1"]
[WhiteElo "1885"]
[BlackElo "2037"]
[PlyCount "54"]
[EventDate "2024.06.20"]
[EventType "swiss (blitz)"]
[EventRounds "9"]
[EventCountry "KAZ"]
[SourceTitle "EXT 2025"]
[Source "ChessBase"]
[SourceDate "2024.10.14"]
[SourceVersion "1"]
[SourceVersionDate "2024.10.14"]
[SourceQuality "1"]
[WhiteTeam "INA"]
[BlackTeam "FID"]

1. e4 e5 2. Nf3 Nc6 3. Bc4 Bc5 4. b4 Bxb4 5. c3 Be7 6. d4 Nf6 7. dxe5 Ng4 8. Bf4 d6 9. e6 fxe6 10. h3 Nf6 11. Ng5 d5 12. exd5 exd5 13. Bd3 0-0 14. 0-0 h6 15. Nf3 Ne4 16. Be3 Bf6 17. Qb3 Kh8 18. Nfd2 Nxc3 19. Nxc3 d4 20. Bxh6 dxc3 21. Bxg7+ Bxg7 22. Qb5 Ne5 23. Bc2 Qxd2 24. Rac1 Qg5 25. Kh1 Qh4 26. Qc5 Bxh3 27. g3 Qh5 0-1

[Event "Asia-ch Blitz U18 Girls"]
[Site "Almaty"]
[Date "2024.06.20"]
[Round "5"]
[White "Kuznetsova, Marina"]
[Black "Mikheeva, Galina"]
[Result "1/2-1/2"]
[WhiteElo "2107"]
[BlackElo "2037"]
[PlyCount "135"]
[EventDate "2024.06.20"]
[EventType "swiss (blitz)"]
[EventRounds "9"]
[EventCountry "KAZ"]
[SourceTitle "EXT 2025"]
[Source "ChessBase"]
[SourceDate "2024.10.14"]
[SourceVersion "1"]
[SourceVersionDate "2024.10.14"]
[SourceQuality "1"]
[WhiteTeam "FID"]
[BlackTeam "FID"]

1. e4 e5 2. Nf3 Nc6 3. d4 exd4 4. Nxd4 Bb4+ 5. c3 Be7 6. Nxc6 bxc6 7. Bc4 Nf6 8. e5 Nd5 9. Qg4 g6 10. Bh6 d6 11. Qe2 Be6 12. exd6 Qxd6 13. Nd2 0-0-0 14. 0-0-0 Bf5 15. Ne4 Qe6 16. Ng3 Qxe2 17. Bxe2 Nxc3 18. Nxf5 Nxe2+ 19. Kb1 gxf5 20. Rde1 Nc3+ 21. bxc3 Bf6 22. Kc2 Rd5 23. Be3 Ra5 24. Kb3 Kd7 25. Rd1+ Ke7 26. Rhe1 Rb8+ 27. Kc4 Ra4+ 28. Kd3 Kf8 29. a3 Kg7 30. Bc5 Ra5 31. Bb4 Rd5+ 32. Kc2 Rbd8 33. Rxd5 Rxd5 34. Rd1 Re5 35. Rd2 a5 36. f4 Re4 37. Bxa5 Rxf4 38. Bxc7 Rc4 39. Ba5 Be7 40. Kb3 Re4 41. Bb4 Bg5 42. Rd7 Re2 43. Kc4 Rxg2 44. a4 Ra2 45. a5 Be3 46. Rd3 f4 47. Bc5 Bxc5 48. Kxc5 Rxa5+ 49. Kxc6 Rf5 50. Rf3 Kg6 51. c4 Kg5 52. h3 Kf6 53. Kd6 Kg6 54. c5 Rf6+ 55. Kd7 Kf5 56. c6 Ke4 57. Rf1 Rf5 58. Rc1 Ra5 59. c7 Ra7 60. Ke7 f3 61. Kf6 Rxc7 62. Rxc7 f2 63. Rc1 Kf3 64. Kxf7 Kg3 65. Kg7 Kxh3 66. Rf1 Kg2 67. Rxf2+ Kxf2 68. Kxh7 1/2-1/2

[Event "Asia-ch Blitz U18 Girls"]
[Site "Almaty"]
[Date "2024.06.20"]
[Round "2"]
[White "Mikheeva, Galina"]
[Black "Karimi, Setayesh"]
[Result "1-0"]
[WhiteElo "2037"]
[BlackElo "1823"]
[PlyCount "111"]
[EventDate "2024.06.20"]
[EventType "swiss (blitz)"]
[EventRounds "9"]
[EventCountry "KAZ"]
[SourceTitle "EXT 2025"]
[Source "ChessBase"]
[SourceDate "2024.10.14"]
[SourceVersion "1"]
[SourceVersionDate "2024.10.14"]
[SourceQuality "1"]
[WhiteTeam "FID"]
[BlackTeam "IRI"]

1. e4 c5 2. Nf3 d6 3. Bb5+ Nd7 4. d4 cxd4 5. Qxd4 a6 6. Bxd7+ Bxd7 7. Nc3 Nf6 8. Bg5 e6 9. 0-0-0 h6 10. Bh4 Bc6 11. e5 dxe5 12. Qxe5 Qe7 13. Rhe1 g5 14. Bg3 Bg7 15. Nd4 Nh5 16. Nxc6 Bxe5 17. Nxe7 Bxg3 18. hxg3 Kxe7 19. Nd5+ Kf8 20. g4 exd5 21. gxh5 Rd8 22. Re5 d4 23. Re4 Kg7 24. Rdxd4 Rxd4 25. Rxd4 Kf6 26. Rd7 Rb8 27. Rd6+ Kg7 28. Kd2 Rc8 29. Kd3 Rc7 30. c4 f6 31. b4 Kf7 32. c5 Ke7 33. Kd4 Rc8 34. Ke4 Rc7 35. Kf5 a5 36. a3 axb4 37. axb4 Kf7 38. Rxf6+ Kg7 39. Rg6+ Kh7 40. f3 Rf7+ 41. Rf6 Re7 42. Re6 Rf7+ 43. Rf6 Re7 44. Rb6 Kg7 45. Rg6+ Kh7 46. Rb6 Kg7 47. b5 Rc7 48. c6 bxc6 49. Rxc6 Rf7+ 50. Ke5 Re7+ 51. Re6 Rb7 52. b6 Kh7 53. Kf6 Rb8 54. Re7+ Kh8 55. b7 Kg8 56. Rc7 1-0

[Event "Asia-ch U08 Girls"]
[Site "Almaty"]
[Date "2024.06.14"]
[Round "4"]
[White "Mikheeva, Galina"]
[Black "Shukhman, Anna"]
[Result "0-1"]
[WhiteElo "2027"]
[BlackElo "2281"]
[PlyCount "84"]
[EventDate "2024.06.12"]
[EventType "swiss"]
[EventRounds "9"]
[EventCountry "KAZ"]
[SourceTitle "EXT 2025"]
[Source "ChessBase"]
[SourceDate "2024.10.14"]
[SourceVersion "1"]
[SourceVersionDate "2024.10.14"]
[SourceQuality "1"]
[WhiteTeam "FID"]
[BlackTeam "FID"]

1. e4 c5 2. Nf3 d6 3. Bb5+ Nd7 4. d4 cxd4 5. Qxd4 a6 6. Bxd7+ Bxd7 7. Nc3 e5 8. Qd3 Nf6 9. Bg5 Rc8 10. Bxf6 Qxf6 11. Nd2 Be6 12. Nf1 g6 13. Ne3 Bh6 14. Ned5 Qg5 15. 0-0 0-0 16. a4 Rc5 17. b4 Rc6 18. b5 Rc5 19. bxa6 bxa6 20. Rab1 Rfc8 21. Rb7 Bf8 22. Qf3 Qd2 23. Nf6+ Kh8 24. Ncd5 Rxc2 25. h4 Qe2 26. Ra7 Bg7 27. Qxe2 Rxe2 28. Rxa6 Bxf6 29. Nxf6 Kg7 30. Nd5 Rxe4 31. Rd1 Bxd5 32. Rxd5 Rxh4 33. g3 Re4 34. Rdxd6 Rc2 35. a5 Ra2 36. Rd3 Ree2 37. Rf3 e4 38. Rff6 e3 39. fxe3 Rxe3 40. Rf1 Rxg3+ 41. Kh1 Rgg2 42. Rd1 Rg5 0-1

[Event "Asia-ch Rapid U18 Girls"]
[Site "Almaty"]
[Date "2024.06.10"]
[Round "2"]
[White "Mikheeva, Galina"]
[Black "Sanudula, KM Dahamdi"]
[Result "0-1"]
[WhiteElo "1997"]
[BlackElo "1800"]
[PlyCount "88"]
[EventDate "2024.06.10"]
[EventType "swiss (rapid)"]
[EventRounds "9"]
[EventCountry "KAZ"]
[SourceTitle "EXT 2025"]
[Source "ChessBase"]
[SourceDate "2024.10.14"]
[SourceVersion "1"]
[SourceVersionDate "2024.10.14"]
[SourceQuality "1"]
[WhiteTeam "FID"]
[BlackTeam "SRI"]

1. e4 d5 2. exd5 Qxd5 3. Nc3 Qa5 4. Bc4 Nf6 5. d3 c6 6. Bd2 Bf5 7. Nf3 e6 8. Qe2 Nbd7 9. 0-0-0 Qc7 10. Nd4 Bg4 11. h4 Bc5 12. Nb3 0-0-0 13. h5 Bf5 14. d4 Bd6 15. f3 h6 16. Ne4 Bf4 17. Kb1 Bxd2 18. Rxd2 Bxe4 19. fxe4 Nb6 20. Bd3 e5 21. c3 Rhe8 22. Qf3 Re7 23. g4 Kb8 24. g5 Nh7 25. gxh6 gxh6 26. Rf1 Ng5 27. Qf6 Re6 28. Qf5 Nd7 29. Nc5 Nxc5 30. dxc5 Re7 31. Rfd1 Red7 32. Qf2 Ne6 33. Bc2 Nf4 34. Bb3 Nxh5 35. Rxd7 Rxd7 36. Rh1 Nf4 37. Rxh6 a6 38. Rh8+ Ka7 39. Rf8 f6 40. Rxf6 Rg7 41. Rd6 Rg2 42. Qe3 Re2 43. Qf3 Qh7 44. Bc2 Qh2 0-1